000 00363nam a2200145Ia 4500
005 20260328104338.0
008 260328s9999||||xx |||||||||||||| ||und||
100 _aVillegas, Marcelo
245 0 _aGuadua :
_b Arquitectura y Diseño /
_cMarcelo Villegas
250 _a1a ed.
260 _bVillegas Editores
300 _a201 p.
650 _aBAMBÚ
942 _cBK
999 _c11974
_d11974